=LDR 00000nam 2200000 4500 =001 INLIS000000000032417 =005 20130612134426 =008 ***********************************ind** =035 ##$$0010-061300000032417 =041 ##$$a ind =082 ##$$a 028.5 =090 ##$$a 028.5, Sir,b =100 ##$$a Siregar,Haekal =245 ##$$a Berpetualang Bersama Kompi , Haekal Siregar;Editor,Abdurahman =260 ##$$a 2008 $b Jakarta =300 ##$$a 48 hlm., Illus, 20 cm =650 ##$$a Bacaan Anak-Anak =700 ##$$a Abdurrahman =850 ##$$a NBPNMAT